00321nam a2200121Ia 4500008004100000041000800041082001600049100001900065245004500084260002900129300003000158365001100188240624s9999 xx 000 0 und d aeng a658.456 GUT aGUTMANN JOANNA aTAKING MINUTES OF MEETINGS CREATING SUCC c2010aLondonbKogan Page avi, : 150 : p. : cm. ; 21 cRSb33